Zahraničnoobchodná expanzia Číny a jej dosahy na presadzovanie ekonomických záujmov Európskej únie (na príklade vybraného odvetvia) dizertačná práca
Salvato in:
| Autore principale: | |
|---|---|
| Ente Autore: | |
| Altri autori: | |
| Natura: | Libro |
| Lingua: | slovacco |
| Pubblicazione: |
Bratislava
2018
|
| Soggetti: | |
| Tags: |
Nessun Tag, puoi essere il primo ad aggiungerne!!
|
MARC
| LEADER | 00000nbm a2200000 4500 | ||
|---|---|---|---|
| 001 | 0246251 | ||
| 005 | 20240426092446.1 | ||
| 041 | 0 | |a slo | |
| 044 | |a SK | ||
| 245 | 1 | 0 | |a Zahraničnoobchodná expanzia Číny a jej dosahy na presadzovanie ekonomických záujmov Európskej únie (na príklade vybraného odvetvia) |b dizertačná práca |c Michaela Královičová ; školiteľ: Peter Baláž |
| 264 | 1 | |a Bratislava |c 2018 | |
| 300 | |a 181 s. | ||
| 610 | 2 | 0 | |a obchod zahraničný |
| 610 | 2 | 0 | |a záujmy ekonomické |
| 610 | 2 | 0 | |a expanzia |
| 610 | 2 | 0 | |a Čína |
| 610 | 2 | 0 | |a Európska únia |
| 100 | 1 | |a Královičová, Michaela | |
| 700 | 1 | |a Baláž, Peter | |
| 710 | 2 | |a Obchodná fakulta EU. Katedra medzinárodného obchodu | |